|
|
|
|
| LEADER |
01056nam a2200289 4500 |
| 001 |
DLU180188070 |
| 005 |
##20181022 |
| 040 |
# |
# |
|a DLU
|b vie
|
| 041 |
# |
# |
|a vie
|
| 044 |
# |
# |
|a vn
|
| 100 |
# |
# |
|a Lê Khương Ninh.
|
| 245 |
# |
# |
|a Thái độ đối với rủi ro và quyết định đầu tư khi không chắc chắn về thị trường đầu ra :
|b Thực tiễn của các doanh nghiệp ngoài quốc doanh ở đồng bằng sông Cửu Long /
|c Lê Khương Ninh, Lê Tấn Nghiêm, Huỳnh Hữu Thọ.
|
| 653 |
# |
# |
|a Đầu tư
|
| 653 |
# |
# |
|a Thái độ đối với rủi ro
|
| 653 |
# |
# |
|a Thị trường đầu ra
|
| 700 |
# |
# |
|a Huỳnh Hữu Thọ.
|
| 700 |
# |
# |
|a Lê Tấn Nghiêm.
|
| 773 |
# |
# |
|t Kinh tế & Phát triển
|g Số 231, 2016, tr. 42-50
|
| 920 |
# |
# |
|a Phòng Tạp chí -- Trung tâm Thông tin - Thư viện Trường Đại học Đà Lạt
|
| 994 |
# |
# |
|a DLU
|
| 900 |
# |
# |
|a True
|
| 911 |
# |
# |
|a Nguyễn Thị Thu Phương
|
| 925 |
# |
# |
|a G
|
| 926 |
# |
# |
|a A
|
| 927 |
# |
# |
|a BB
|
| 980 |
# |
# |
|a Thư viện Trường Đại học Đà Lạt
|